000 00839nam a22002417a 4500
005 20250408113200.0
008 250408b |||||||| |||| 00| 0 eng d
020 _a978-0-231-18554-7 (hbk)
037 _cTB
040 _aAL
_cAL
041 _2eng
_aeng
084 _aV41:1973.P Q8
_qAL
100 _aKennedy, Andrew B.
_9751899
245 _aConflicted superpower:
_bAmerica's collaboration with China and India in global innovation
260 _aNew York, USA:
_bColumbia University Press,
_c2018.
300 _axi, 264p.
365 _b37.00
_cUSD
650 _aChina History
650 _aAmerican History
_9751900
650 _aForeign Relation
942 _2CC
_cTB
_hV41:1973.P Q8
_n0
999 _c1308508
_d1308508